000 00704nam a2200253Ia 4500
003 OSt
005 20220918163201.0
006 a|||||r|||| 00| 0
007 ta
008 220917b |||||||| |||| 00| 0 eng d
020 _a0 09 110720 2
024 _a116,534
037 _cTextual
040 _aARTS
_cARTS
_beng
041 _2eng
_aeng
082 _aV613:10X:N7, L2
100 _aMartin Antony
_911793
245 0 _aMinding their own business
_b Zambia's struggle against Western control
260 _aLondon
_bHutchinson and Co UK
_c1972
300 _a272p.
_ccm.
650 _aHISTORY
942 _hV613:10X:N7, L2
_cTEXL
_2CC
999 _c118252
_d118252